| 000 | 00467nam a2200181Ia 4500 | ||
|---|---|---|---|
| 001 | 16413 | ||
| 005 | 20260306170307.0 | ||
| 008 | 260306t2013||||xx |||||||||||||| ||und|| | ||
| 041 | _aESP | ||
| 082 |
_a348.6 _bA68 |
||
| 100 |
_aArce Ortiz, Elmer G, _eAUT |
||
| 245 | 0 |
_aDerecho individual del trabajo en el Perú: _bdesafíos y deficiencias |
|
| 260 | _c2013 | ||
| 300 |
_a576 páginas : _c24 cm. |
||
| 650 | _aGEN | ||
| 654 | _aCDE | ||
| 942 |
_cLIB _dJUS _fJUS _2ddc _n |
||
| 999 |
_c16413 _d16413 |
||